[Event "Stjernen klubbmesterskap"]
[Site "Stjernen"]
[Date "2017.02.07"]
[Round "6"]
[White "Grindbakken, Erik"]
[Black "Andreassen, Vidar"]
[Result "1/2-1/2"]
[WhiteElo "1635"]
[BlackElo "1696"]
[Annotator "Stjernen,SK"]
[PlyCount "98"]
[EventDate "2017.??.??"]

1. c4 e5 2. Nc3 Nf6 3. Nf3 Nc6 4. g3 d6 5. Bg2 Be7 6. d4 exd4 7. Nxd4 Ne5 8.
O-O O-O 9. b3 c6 10. Bb2 Re8 11. Rc1 Bg4 12. Qc2 Bh5 13. Rfd1 Bg6 14. Qd2 Qc7
15. Nf3 Rad8 16. Nh4 h6 17. Nxg6 Nxg6 18. e3 Ne5 19. Ne2 Nfd7 20. Nf4 Nf6 21.
Bd4 Nh7 22. Qb2 Ng5 23. Kh1 Ng4 24. h4 (24. Bxg7 $1 Nxf2+ 25. Qxf2 Kxg7 26.
Nh5+ Kh8 27. h4 Ne6 28. Rf1) 24... Ne6 25. Nxe6 fxe6 26. Bh3 e5 27. Bxg4 exd4
28. exd4 Bf6 29. Qc2 d5 30. Qg6 Qf7 31. Qd3 Re4 32. Qf3 Rxd4 33. Re1 Re8 34.
cxd5 Rxd5 35. Re2 Rde5 36. Rce1 Qc7 37. Qd3 b5 38. Qg6 Rxe2 39. Rxe2 Rxe2 40.
Bxe2 Qe5 41. Bd3 Qe1+ 42. Kg2 Bd4 43. Qh7+ (43. Qxc6 Qxf2+ 44. Kh3 $16) 43...
Kf7 44. Qf5+ Ke7 45. Be4 c5 46. Bc6 b4 47. Qd7+ Kf6 48. Qd6+ Qe6 49. Qf4+ Qf5
1/2-1/2

[Event "Stjernen klubbmesterskap"]
[Site "Stjernen"]
[Date "2017.04.04"]
[Round "7"]
[White "Nilsen, Joachim B."]
[Black "Egeland, Finn"]
[Result "1-0"]
[WhiteElo "2431"]
[BlackElo "1962"]
[Annotator "Stjernen,SK"]
[PlyCount "55"]
[EventDate "2017.??.??"]

1. d4 Nf6 2. Bf4 d5 3. e3 c5 4. c3 e6 5. Nf3 Nc6 6. Nbd2 Bd6 7. Bg3 O-O 8. Bb5
a6 9. Bxc6 bxc6 10. Qa4 cxd4 11. cxd4 Bxg3 12. hxg3 Qb6 13. Qc2 g6 14. Ne5 Bb7
15. g4 Rfc8 16. g5 Ne4 17. Nxe4 dxe4 18. Qxe4 Qb4+ 19. Kf1 Qe7 20. Qh4 h5 21.
gxh6 Qxh4 22. Rxh4 Rc7 23. Rc1 g5 24. h7+ Kg7 25. Rh5 a5 (25... f6 26. Ng6 $1
Kxg6 27. h8=Q Rxh8 28. Rxh8 $18) 26. Rxg5+ Kxh7 27. Ke2 $1 Kh6 28. f4
1-0

[Event "Stjernen klubbmesterskap"]
[Site "Stjernen"]
[Date "2017.04.04"]
[Round "7"]
[White "Wasshaug, Espen"]
[Black "Fjellheim, Benjamin"]
[Result "1-0"]
[WhiteElo "1883"]
[BlackElo "1714"]
[Annotator "Stjernen,SK"]
[PlyCount "95"]
[EventDate "2017.??.??"]

1. d4 d5 2. c4 dxc4 3. Nf3 a6 4. e3 Nf6 5. Bxc4 b5 6. Bb3 e6 7. O-O Bb7 8. Nc3
Nbd7 9. Qe2 c5 10. Rd1 cxd4 11. exd4 Be7 12. d5 $1 exd5 13. Nxd5 Nxd5 14. Bxd5
Bxd5 15. Rxd5 Qc7 16. Bg5 f6 17. Re1 Nb6 18. Bf4 Qb7 19. Rc5 Ra7 20. Rc7 Qxc7
21. Bxc7 Rxc7 22. Nd4 Nc4 23. Qe6 Ne5 24. Qxa6 Kf7 25. Qe6+ Kg6 26. Rxe5 Rd8
27. Qg4+ Kf7 28. Re1 Bb4 29. Qh5+ Kg8 30. Re8+ Bf8 31. Nc6 g6 32. Qe2 Rd6 33.
g3 Rdxc6 34. Qxb5 Kf7 35. Rb8 Rc1+ 36. Kg2 Re7 37. Qd5+ Kg7 38. Qd8 Rf7 39. b4
Rc2 40. a4 Kh6 41. Qxf8+ Rxf8 42. Rxf8 Rb2 43. b5 Rb4 44. Ra8 Kg5 45. Ra6 Kf5
46. b6 Ke5 47. Ra5+ Kd6 48. Rb5
1-0

[Event "Stjernen klubbmesterskap"]
[Site "Stjernen"]
[Date "2017.04.04"]
[Round "7"]
[White "Aavik, Jakob"]
[Black "Chikwati, Elvis"]
[Result "1-0"]
[WhiteElo "1810"]
[BlackElo "1763"]
[Annotator "Stjernen,SK"]
[PlyCount "85"]
[EventDate "2017.??.??"]

1. e4 g6 2. d4 Bg7 3. Be3 c6 4. Nc3 d6 5. Qd2 Qa5 6. f4 Nf6 7. h3 b5 8. Bd3 b4
9. Nce2 Nbd7 10. g4 Bb7 11. Ng3 e5 (11... c5) 12. dxe5 dxe5 13. f5 c5 14. g5 $1
Nh5 15. Nxh5 gxh5 16. f6 Bf8 17. Nf3 O-O-O 18. Qe2 Bd6 19. Nd2 Qc7 20. O-O-O
Nb6 21. h4 Kb8 22. Bf2 Bc8 23. Rde1 (23. Qxh5) 23... Bg4 24. Qe3 Rc8 (24... c4
$1 25. Bxc4 (25. Bf1 Rd7 $17) 25... Nxc4 26. Nxc4 Qxc4 27. Qxa7+ Kc8 28. Qa8+
Kd7 29. Qb7+ Qc7) 25. Nc4 Nd7 26. Be2 Rhd8 27. Bxg4 hxg4 28. Rd1 Nf8 (28... Nb6
) 29. Bg3 Ng6 30. Qe2 Qc6 31. Qxg4 Bc7 32. h5 Nf4 (32... Qa6 $1 33. hxg6 Qxc4
34. Kb1 (34. gxh7 Qxa2 35. Qxc8+ Rxc8 36. h8=Q Rxh8 37. Rxh8+ Kb7) 34... hxg6)
33. Qf3 Rd4 (33... Qa6 $1) 34. Rxd4 cxd4 35. b3 Ne6 36. Qf5 Ka8 37. Bxe5 Rg8
38. Rg1 Re8 39. Bxc7 Nxc7 40. Re1 Rd8 41. Qxh7 Qa6 42. Qxf7 Nb5 43. Qe7
1-0

[Event "Stjernen klubbmesterskap"]
[Site "Stjernen"]
[Date "2017.04.04"]
[Round "7"]
[White "Ryen, Thomas Ager"]
[Black "Horni, Fredrik Seim"]
[Result "0-1"]
[WhiteElo "1647"]
[BlackElo "1739"]
[Annotator "Stjernen,SK"]
[PlyCount "110"]
[EventDate "2017.??.??"]

1. e4 e6 2. d4 d5 3. Nd2 c5 4. Ngf3 cxd4 5. exd5 Qxd5 6. Bc4 Qd6 7. O-O Nf6 8.
Re1 Nc6 9. Nb3 Be7 10. Nbxd4 Nxd4 11. Nxd4 O-O 12. Bd3 Rd8 13. Nf3 b6 14. Bg5
Bb7 15. h3 Rac8 16. Bh4 Qb4 17. Bg3 Ne4 18. Be5 Bc5 19. Rf1 f6 (19... Nxf2 20.
Rxf2 Bxf2+ 21. Kxf2 Qc5+ $1 22. Bd4 (22. Kf1 Bxf3 23. Qxf3 Qxe5) 22... Rxd4 23.
Bxh7+ Kxh7 24. Qxd4 Qxd4+ 25. Nxd4 e5 26. Nf3 Rxc2+) 20. a3 Qa4 21. b3 Qc6 22.
Bb2 Ng5 23. Qe2 Nxf3+ 24. gxf3 Qxf3 25. Qxf3 Bxf3 26. Rae1 e5 27. b4 Bd4 28.
Bxd4 Rxd4 29. Re3 Bb7 30. Rfe1 Rcd8 31. f3 Bc8 32. Kg2 Rh4 33. Rh1 Rdd4 34. Re4
Rhxe4 35. fxe4 f5 36. Re1 f4 37. h4 Rd6 38. Kf3 Rg6 39. Bc4+ Kf8 40. Kf2 Rd6
41. Bd5 Rg6 42. c4 Rg3 43. Ra1 Rc3 44. a4 Rc2+ 45. Kg1 a5 46. bxa5 bxa5 47. Rb1
Bd7 48. Rb8+ Ke7 49. Rg8 Kf6 50. Ra8 Kg6 51. Rxa5 Kh5 52. Ra7 Bg4 53. Rxg7 Kxh4
54. Rxh7+ Kg3 55. Kf1 Rc1#
0-1

[Event "Stjernen klubbmesterskap"]
[Site "Stjernen"]
[Date "2017.04.18"]
[Round "8"]
[White "Ryen, Thomas Ager"]
[Black "Nilsen, Joachim B."]
[Result "0-1"]
[WhiteElo "1647"]
[BlackElo "2431"]
[PlyCount "46"]
[EventDate "2017.??.??"]

1. e4 c5 2. Nc3 g6 3. g3 Bg7 4. Bg2 Nc6 5. f4 e6 6. Nh3 Nge7 7. Ne2 O-O 8. c3
b6 9. O-O d5 10. d3 Ba6 11. Nf2 dxe4 12. Bxe4 Qd7 13. Qa4 Bb7 14. d4 cxd4 15.
Nxd4 Bxd4 16. cxd4 Rad8 17. Be3 Nf5 18. Bxf5 exf5 19. Qc4 Na5 20. Qe2 Qd5 21.
Nd3 Rfe8 22. Ne1 Qh1+ 23. Kf2 Qxh2+
0-1

[Event "Stjernen klubbmesterskap"]
[Site "Stjernen"]
[Date "2017.04.18"]
[Round "8"]
[White "Egeland, Finn"]
[Black "Aavik, Jakob"]
[Result "1-0"]
[WhiteElo "1962"]
[BlackElo "1810"]
[PlyCount "55"]
[EventDate "2017.??.??"]

1. e4 c5 2. Nf3 d6 3. d4 cxd4 4. Nxd4 Nf6 5. Nc3 a6 6. Bg5 e6 7. f4 h6 8. Bh4
Qb6 9. Qd2 Qxb2 10. Rb1 Qa3 11. e5 dxe5 12. fxe5 Nfd7 13. Ne4 Qxa2 14. Rd1 Qd5
15. Qe3 Qxe5 16. Bg3 Qa5+ 17. c3 Be7 18. Bc4 O-O 19. O-O Nf6 20. Nxf6+ Bxf6 21.
Rxf6 gxf6 22. Rf1 Kg7 23. Bh4 f5 24. Rf3 Nd7 25. Bxe6 Qe5 26. Rg3+ Kh7 27.
Bxf5+ Kh8 28. Qxh6#
1-0

[Event "Stjernen klubbmesterskap"]
[Site "Stjernen"]
[Date "2017.04.18"]
[Round "8"]
[White "Horni, Fredrik Seim"]
[Black "Hagos, Daniel"]
[Result "1-0"]
[WhiteElo "1739"]
[BlackElo "1890"]
[Annotator "Stjernen,SK"]
[PlyCount "131"]
[EventDate "2017.??.??"]

1. Nc3 e5 2. Nf3 Nc6 3. d4 d6 4. dxe5 Nxe5 5. Nxe5 dxe5 6. Qxd8+ Kxd8 7. e4 Bb4
8. Bd2 c6 9. Bc4 Ke8 10. O-O h5 11. f4 exf4 12. Rxf4 Be6 13. Bxe6 fxe6 14. e5
Bc5+ 15. Kh1 Rd8 16. Ne4 Be7 17. Be3 b6 18. a4 Nh6 19. a5 Ng4 20. Bg1 c5 21.
axb6 axb6 22. b4 Nxe5 23. bxc5 bxc5 24. Nxc5 Rh6 25. Re4 Rd5 (25... Bxc5 26.
Bxc5 Nd7) 26. c4 $1 Nxc4 27. Rxc4 Rf6 28. Ne4 Rf4 29. Be3 Rg4 30. h3 Rg6 31.
Rf1 e5 32. Ra4 Rb5 33. Ra8+ Kd7 34. Rd1+ Ke6 35. Ra6+ Kf5 36. Rxg6 Kxg6 37. Rd7
Bf6 38. Kg1 Rb4 39. Nxf6 gxf6 40. Rd6 Kf5 41. Bh6 Kg6 42. Bf8 Rb7 43. Rc6 Rf7
44. Bd6 Kf5 45. Bc7 Kf4 46. Bd8 Kf5 47. Rd6 e4 48. Rd5+ Kg6 49. Kf2 Rf8 50. Ke3
f5 51. Kf4 Rf7 52. Rd6+ Kg7 53. Re6 Rf8 54. Bg5 Ra8 55. Kxf5 Ra2 56. Rg6+ Kf7
57. Rf6+ Kg7 58. Kxe4 Rxg2 59. Bh4 Ra2 60. Rd6 Ra4+ 61. Rd4 Ra3 62. Kf5 Rxh3
63. Bf6+ Kh6 64. Bg5+ Kg7 65. Rd7+ Kf8 66. Kg6
1-0

[Event "Stjernen klubbmesterskap"]
[Site "Stjernen"]
[Date "2017.04.18"]
[Round "8"]
[White "Chikwati, Elvis"]
[Black "Wasshaug, Espen"]
[Result "1-0"]
[WhiteElo "1763"]
[BlackElo "1883"]
[Annotator "Stjernen,SK"]
[PlyCount "89"]
[EventDate "2017.??.??"]

1. Nf3 Nf6 2. c4 c6 3. g3 d5 4. b3 Bf5 5. Bg2 e6 6. Bb2 Be7 7. d3 Nbd7 8. Nbd2
Qb6 9. O-O a5 10. a3 h6 11. Qc2 O-O 12. Rad1 Bc5 13. h3 Rfe8 14. e4 Bh7 15.
Rde1 dxe4 16. Nxe4 Bxe4 17. dxe4 e5 18. Rd1 Rad8 19. Rd2 Nh7 20. Rfd1 Nhf8 21.
h4 f6 22. Bh3 Nb8 23. h5 Rxd2 24. Rxd2 Rd8 25. Rxd8 Qxd8 26. Ne1 Qd6 27. Nd3
Na6 28. Nxc5 Nxc5 29. Bc3 Nce6 30. Bxa5 Qxa3 31. Bc3 c5 32. Kg2 Nd4 33. Bxd4
exd4 (33... cxd4 34. c5 Qb4 35. Bc8) 34. Qd3 Qc1 $2 (34... b6 35. Qf3 Qa8 36.
Qf5 Kf7) 35. Qf3 Qc3 $2 (35... Qg5) 36. Qf5 $1 Qa5 37. Qd5+ Kh8 38. Qxb7 Qd8
39. Qd5 Qe7 40. Bf5 g6 41. hxg6 Kg7 42. f4 Nxg6 43. Bxg6 Kxg6 44. Qg8+ Qg7 45.
f5+
1-0

[Event "Stjernen klubbmesterskap"]
[Site "Stjernen"]
[Date "2017.04.18"]
[Round "8"]
[White "Fjellheim, Benjamin"]
[Black "Gressli, Kristoffer"]
[Result "1/2-1/2"]
[WhiteElo "1714"]
[BlackElo "1739"]
[PlyCount "136"]
[EventDate "2017.??.??"]

1. c4 c5 2. g3 Nc6 3. Bg2 e5 4. Nf3 g6 5. Nc3 Bg7 6. O-O Nge7 7. d3 O-O 8. a3
d5 9. cxd5 Nxd5 10. Nxe5 Nxc3 11. Nxc6 Nxe2+ 12. Qxe2 bxc6 13. Bf4 Bf5 14. Rfd1
Qb6 15. Rac1 Rfe8 16. Qf3 Bd4 17. b4 Rac8 18. Bd6 cxb4 19. axb4 h5 20. h3 c5
21. Bxc5 Bxc5 22. bxc5 Rxc5 23. Rxc5 Qxc5 24. Qc6 Qxc6 25. Bxc6 Rd8 26. d4 Bxh3
27. d5 Bf5 28. Ra1 Be4 29. Rxa7 Bxd5 30. Bxd5 Rxd5 31. Kg2 Rb5 32. f4 Kg7 33.
Rc7 Kf6 34. Ra7 Rb6 35. Ra4 Re6 36. Kf3 Rb6 37. Rc4 Rb3+ 38. Kf2 Kg7 39. Rc7
Rb5 40. Ra7 g5 41. fxg5 Rxg5 42. Rb7 Ra5 43. Rc7 Kg6 44. Rc4 Kg5 45. Rb4 Kg6
46. Rc4 Rg5 47. Kf3 Rf5+ 48. Kg2 Rd5 49. Ra4 Kg5 50. Rb4 f6 51. Ra4 Re5 52. Kf3
f5 53. Ra3 Re4 54. Rb3 h4 55. gxh4+ Rxh4 56. Rb2 Rf4+ 57. Kg2 Ra4 58. Rb3 Kf4
59. Kf2 Ra2+ 60. Kf1 Kg4 61. Rc3 f4 62. Rb3 f3 63. Rb8 Kg3 64. Rg8+ Kf4 65.
Rf8+ Kg4 66. Rg8+ Kf4 67. Rf8+ Kg4 68. Rg8+ Kf4
1/2-1/2

[Event "Stjernen klubbmesterskap"]
[Site "Stjernen"]
[Date "2017.05.10"]
[Round "9"]
[White "Gressli, Kristoffer"]
[Black "Nilsen, Joachim B"]
[Result "0-1"]
[WhiteElo "1739"]
[BlackElo "2431"]
[Annotator "Stjernen,SK"]
[PlyCount "60"]
[EventDate "2017.??.??"]

1. e4 c6 2. d4 d5 3. Nc3 a6 4. exd5 cxd5 5. Nf3 Nc6 6. Bf4 Nf6 7. Be2 ({
Relevant:} 7. Ne5 e6 8. Nxc6 bxc6 9. Na4 Bd6 10. Bxd6 Qxd6 11. Bd3 O-O 12. O-O
e5 13. dxe5 Qxe5 14. Qf3 Re8 15. Qg3 Qxg3 16. hxg3 Rb8 17. Rfe1 Kf8 18. b3 a5
19. f3 Rxe1+ 20. Rxe1 Nd7 21. Bf5 Nf6 22. Bxc8 Rxc8 23. Nc5 Rc7 24. Kf2 Nd7 25.
Nxd7+ Rxd7 26. Rh1 h6 27. Rh4 Rb7 28. Ke3 Ke7 29. Rg4 g6 30. Ra4 Rb5 31. g4 Kd6
32. c3 g5 33. Kd4 Rc5 34. g3 Rb5 35. Kd3 Ke5 36. Ke3 Rc5 {Rapport,R (2710)-Bu,
X (2681) Tsaghkadzor 2015 1/2-1/2}) 7... Bf5 8. Nh4 Bg6 9. Bf3 e6 10. Nxg6 hxg6
11. Ne2 $146 ({Predecessor:} 11. a3 Bd6 12. Bxd6 Qxd6 13. h3 O-O-O 14. Na4 Qc7
15. b4 b5 16. Nc5 Qa7 17. c3 Nd7 18. Nd3 Nf6 19. Qe2 Rde8 20. O-O Qc7 21. a4 e5
22. Nc5 exd4 23. Qd3 Ne5 24. Qd1 Nxf3+ 25. Qxf3 dxc3 26. Nxa6 Qb7 27. axb5 d4
28. Qf4 Re4 29. Qd6 Rd8 30. Qc5+ Kd7 31. f3 Re7 32. Qxd4+ Ke8 33. Qxc3 Qxb5 34.
Nc7+ {1-0 (35) Gomez,J (1789)-Sosa Florez,J (1607) Bogota 2012}) 11... Bd6 12.
c3 Bxf4 13. Nxf4 Qd6 14. g3 g5 15. Nd3 O-O-O 16. b4 e5 17. b5 (17. a4 e4 18.
Bg4+ Kb8 19. Nc5) 17... axb5 18. Nc5 exd4 19. cxd4 Kb8 20. a4 (20. Kf1 Ne4 21.
Kg2 Nxc5 22. dxc5 Qxc5 23. Rc1) 20... b4 21. a5 Qe7+ 22. Kf1 Ne4 23. Nb3 Rh6
24. Kg2 Qd7 25. Qd3 Qf5 26. a6 g4 27. Bxe4 dxe4 28. Qe3 Qf3+ 29. Kg1 Rdh8 30.
Qf4+ Qxf4 0-1

[Event "Stjernen klubbmesterskap"]
[Site "Stjernen"]
[Date "2017.05.02"]
[Round "9"]
[White "Wasshaug, Espen"]
[Black "Egeland, Finn"]
[Result "0-1"]
[WhiteElo "1883"]
[BlackElo "1962"]
[PlyCount "66"]
[EventDate "2017.??.??"]

1. d4 Nf6 2. c4 e6 3. Nc3 Bb4 4. Qc2 d5 5. Bg5 O-O 6. e3 c5 7. Nf3 Nbd7 8. Bd3
dxc4 9. Bxh7+ Kh8 10. Ne5 cxd4 11. exd4 Qa5 12. Nxd7 Nxd7 13. h4 g6 14. f4 Qf5
15. Qe2 Qd3 16. Qxd3 cxd3 17. Bxg6 fxg6 18. h5 Kg7 19. h6+ Kh7 20. O-O-O Bxc3
21. bxc3 Nf6 22. Rhe1 Bd7 23. Rxd3 Rac8 24. d5 Bb5 25. dxe6 Bxd3 26. e7 Rf7 27.
Rd1 Rxe7 28. Bxf6 Rd7 29. g4 Rc6 30. Be5 Ra6 31. Bd4 Bc4 32. a3 Rxa3 33. Kb1
Rd5
0-1

[Event "Stjernen klubbmesterskap"]
[Site "Stjernen"]
[Date "2017.05.02"]
[Round "9"]
[White "Hagos, Daniel"]
[Black "Fjellheim, Benjamin"]
[Result "0-1"]
[WhiteElo "1890"]
[BlackElo "1714"]
[Annotator "Stjernen,SK"]
[PlyCount "104"]
[EventDate "2017.??.??"]

1. e4 d5 2. exd5 Qxd5 3. Nf3 Bg4 4. Be2 Nf6 5. d4 e6 6. c4 Qd8 7. O-O c6 8.
Nbd2 Nbd7 9. b3 Bd6 10. Qc2 Qc7 11. h3 h5 12. Ne4 Nxe4 13. Qxe4 Nf6 14. Qe3
Bxf3 15. Bxf3 O-O-O 16. Re1 Rdg8 17. d5 exd5 18. Qxa7 Be5 19. Rb1 Re8 20. cxd5
(20. Rd1 $142) 20... Bd4 $1 21. Qa8+ Kd7 22. dxc6+ bxc6 23. Bxc6+ Qxc6 24.
Qxc6+ Kxc6 25. Rd1 Rd8 26. Bg5 Bxf2+ $1 27. Kxf2 Ne4+ 28. Kg1 Rxd1+ 29. Rxd1
Nxg5 30. Rc1+ Kb6 31. Kf2 Ra8 32. Rc2 Re8 33. h4 Ne6 34. Ke3 Nc7+ 35. Kd4 Nb5+
36. Kd5 Rd8+ 37. Ke5 f6+ 38. Kf4 Rd4+ 39. Kg3 Rg4+ 40. Kh3 Nd4 41. Rf2 Kc5 42.
g3 Re4 43. Rd2 Re2 44. b4+ Kc4 45. Rd1 Rxa2 46. b5 Nf3 47. g4 hxg4+ 48. Kxg4
Ne5+ 49. Kh5 Kxb5 50. Rd5+ Kc6 51. Rc5+ Kd6 (51... Kxc5 $4 {patt!}) 52. Rc2 g6+
0-1

[Event "Stjernen klubbmesterskap"]
[Site "Stjernen"]
[Date "2017.05.02"]
[Round "9"]
[White "Horni, Fredrik Seim"]
[Black "Chikwati, Elvis"]
[Result "1-0"]
[WhiteElo "1739"]
[BlackElo "1763"]
[Annotator "Stjernen,SK"]
[PlyCount "69"]
[EventDate "2017.??.??"]

1. Nc3 d5 2. e4 d4 3. Nce2 e5 4. Ng3 Be6 5. Nf3 f6 6. Bb5+ Nd7 7. O-O a6 8. Be2
Nh6 9. c3 c5 10. b4 Nb6 11. bxc5 Bxc5 12. cxd4 exd4 13. d3 Nf7 14. Nh4 O-O 15.
Bg4 Qd7 16. Bxe6 Qxe6 17. f4 Rfe8 18. Qh5 Bf8 19. Ngf5 Red8 20. Qg4 Kh8 21. Ba3
$5 (21. Rf3) 21... g5 $2 (21... Nh6 $1 22. Nxh6 (22. Qg3 Nxf5 23. Nxf5 Rd7)
22... Qxg4 23. Nxg4 Bxa3 $13) 22. Bxf8 $1 Re8 (22... Rxf8 23. Ng6+ $1 hxg6 24.
Qh3+ Kg8 25. Nh6+ Nxh6 26. Qxe6+) 23. Bg7+ Kg8 24. Nf3 Rad8 25. fxg5 fxg5 26.
Bxd4 h6 27. h4 Qg6 28. Rab1 Nc8 29. Rxb7 h5 30. Qg3 g4 31. Rxf7 $1 Kxf7 32.
Ne5+ Rxe5 33. Qxe5 Kg8 34. Ne7+ Nxe7 35. Qh8#
1-0

[Event "Stjernen klubbmesterskap"]
[Site "Stjernen"]
[Date "2017.05.02"]
[Round "9"]
[White "Andreassen, Vidar"]
[Black "Andersen, Guttorm"]
[Result "0-1"]
[WhiteElo "1696"]
[BlackElo "1859"]
[Annotator "Stjernen,SK"]
[PlyCount "94"]
[EventDate "2017.??.??"]

1. c4 e5 2. g3 Nf6 3. Nc3 Bb4 4. Bg2 O-O 5. e3 c6 6. a3 Bxc3 7. dxc3 d5 8. cxd5
Nxd5 9. Nf3 e4 10. Nd4 f5 11. O-O Qe8 12. c4 Nf6 13. Qc2 Nbd7 14. Nxf5 Qe5 15.
Nd4 Nc5 16. Bd2 Bg4 17. Bc3 Qe7 18. Ne2 Qe6 19. Bxf6 Qxf6 20. b4 Ne6 21. Bxe4 (
21. Nc3 $142 Ng5 22. Nxe4) 21... Ng5 22. Nf4 Rad8 23. f3 (23. c5 $16) 23...
Bxf3 24. Bd3 $2 (24. Bxf3 $2 Nxf3+ 25. Rxf3 Qxa1+) (24. Bxh7+ Nxh7 25. Rae1 Ng5
26. h4 Be4 27. hxg5 Qxf4 28. gxf4 Bxc2) 24... Qe5 $2 (24... Qxf4 $3 25. exf4
Nh3#) 25. h4 Nh3+ (25... Rxf4 $1 26. exf4 Qe3+ 27. Kh2 (27. Rf2 Nh3+) 27...
Rxd3) 26. Kh2 Nxf4 27. Bxh7+ Kh8 28. Rxf3 $1 Qxa1 29. Rxf4 (29. exf4) 29...
Rxf4 30. exf4 Qd1 31. Qf5 (31. Kh3 Qxc2 32. Bxc2 Rd2 33. Bf5 Ra2 34. Bc8 b5 35.
cxb5 cxb5 36. Bd7 Rxa3 37. Bxb5 Rb3) 31... Qe2+ 32. Kh3 Rd1 33. Qf8+ Kxh7 34.
Qf5+ Kg8 35. Qc8+ Kf7 36. Qf5+ Ke7 37. Qg5+ Ke8 38. Qg6+ Kd8 39. Qg5+ Qe7 40.
h5 Qxg5 41. fxg5 Rd4 42. g4 Ke7 43. Kh4 Kf7 44. c5 Rc4 45. Kg3 Rc3+ 46. Kf4
Rc4+ 47. Kf5 g6+
0-1

[Event "Stjernen klubbmesterskap"]
[Site "Stjernen"]
[Date "2017.05.02"]
[Round "9"]
[White "Johansen, Aleksander"]
[Black "Ryen, Thomas Ager"]
[Result "1-0"]
[WhiteElo "1555"]
[BlackElo "1647"]
[Annotator "Stjernen,SK"]
[PlyCount "123"]
[EventDate "2017.??.??"]

1. e4 Nf6 2. e5 Nd5 3. c4 Nb6 4. Nf3 d6 5. exd6 exd6 6. d4 Nc6 7. Be2 Bf5 8.
O-O Be7 9. Bf4 g5 10. Bg3 h5 11. h3 g4 12. hxg4 Bxg4 13. Nh2 Bxe2 14. Qxe2 Nxd4
15. Qe4 Ne6 16. Re1 Qd7 17. Bh4 O-O-O 18. Nc3 Bxh4 19. Qxh4 Rdg8 20. Rad1 Qc6
21. Nd5 Kb8 22. b3 Rg7 23. g3 Qc5 24. Nxb6 Qxb6 25. Rd5 Rhg8 26. Kf1 a6 27.
Rxh5 Qc6 28. Qe4 Qxe4 29. Rxe4 c6 30. Rf5 Rd8 31. Nf3 Kc7 32. Nd4 Nxd4 33. Rxd4
Re8 34. Rdf4 Re7 35. Rf6 c5 36. Kg2 b5 37. Kf3 Kd7 38. Rh6 Rg8 39. Rff6 Rg6 40.
Rhxg6 fxg6 41. Rxg6 Re1 42. Rg7+ Kc6 43. cxb5+ axb5 44. g4 c4 45. bxc4 bxc4 46.
Rg8 Kc5 47. Rc8+ Kd4 48. g5 Ra1 49. g6 (49. Kg4 $11) 49... Rg1 50. Ke2 Rxg6 51.
a4 d5 52. f4 Ra6 53. f5 Rxa4 54. f6 Ra6 (54... Ra7) 55. f7 Re6+ 56. Kd1 Rf6 57.
f8=Q Rxf8 58. Rxf8 Kc3 59. Rf3+ Kb4 60. Kd2 d4 61. Rf4 Kc5 62. Rf8 
1-0